| 000 | 00436nam a22001697a 4500 | ||
|---|---|---|---|
| 003 | NUST - PNEC | ||
| 005 | 20170116180959.0 | ||
| 008 | 150912b xxu||||| |||| 00| 0 eng d | ||
| 020 | _a0750657219 | ||
| 040 | _cLIBRARY | ||
| 082 | _a621.38807 BRI | ||
| 100 |
_99424 _aBrice, Richard |
||
| 245 |
_aNewnes guide to digital TV _cRichard Brice |
||
| 260 | _cc.2003 | ||
| 650 |
_99426 _aDigital television _xMIS, MS COM |
||
| 942 |
_2ddc _cBK |
||
| 999 |
_c66648 _d66648 |
||